000
00257nam a2200109Ia 4500
008
190911s9999||||xx |||||||||||||| ||und||
100
_a
Kolman,Bernard
245
0
_a
Algebra For Collage Students
260
_a
USA
_b
Pearson
_c
1968
300
_a
549
942
_c
BK
999
_c
6902
_d
6902